Normal view MARC view
  • Lindgren, Henry Clay,

Entry Nombre Personal

Number of records used in: 6

001 - NUMERO DE CONTROL

  • campo de control: 29020

003 - IDENTIFICADOR DE NUMERO DE CONTROL

  • campo de control: UPN

005 - FECHA Y HORA DE LA ÜLTIMA TRANSACCIÓN

  • campo de control: 20221123105154.0

008 - DATOS DE LONGITUD FIJA

  • campo de control de longitud fija: nabaccnnaabn|||||||||| b |nc|||||d

035 ## - NUMERO DE CONTROL

  • Número de control: UPN11000001126

040 ## - FUENTE DE CATALOGACIÓN

  • Lenguaje de catalogación: spa
  • Agencia de transcripción: MX-MxUPN
  • Agencia original de catalogación: MX-MxUPN

100 1# - ENCABEZAMIENTO - NOMBRE PERSONAL

  • Nombre personal: Lindgren, Henry Clay,
  • Fechas asociadas con el nombre: 1914-2005

670 ## - FUENTE EN LA QUE SE LOCALIZARON DATOS

  • Cita de la fuente: T
  • Uniform Resource Identifier: http://www.sfgate.com/bayarea/article/Henry-Clay-Lindgren-professor-of-psychology-2627270.php

670 ## - FUENTE EN LA QUE SE LOCALIZARON DATOS

  • Cita de la fuente: En su obra: The art of human relations, 1953.

670 ## - FUENTE EN LA QUE SE LOCALIZARON DATOS

  • Cita de la fuente: SFGate, viewed online March 6, 2019:
  • Información localizada: obituary published June 20, 2005 (Henry Clay Lindgren, emeritus professor of psychology at San Francisco State University and a renowned collector of rare coins, died June 12 at his home in San Francisco. He was 91.)

680 ## - NOTA PUBLICA DE ACCESO PÚBLICO

  • Frase explicativa de la referencia: Psicólogo estadounidense

902 ## - CATALOGADOR

  • Catalogador: DAA/030308

902 ## - CATALOGADOR

  • Catalogador: NDAF/231122